00458nam a2200157Ia 4500100001900000650001500019942000700034366000700041245002700048260002600075082001300101300000800114546002300122999001700145952013800162 aLynch/Nancy A  aAlgorithms cBK f25 aDistributed Algorithms bMorgan Kaufmannc1996 a5.1bLYN a872 aENGLISHcComputers c25794d25794 001040708CRCaCRCEbCRCEd2023-03-17eBook Worldg281.25i291 dt 19/04/2011l0o5.1 LYNp21505r2023-03-17v375.00w0000-00-00yBK